| 000 | 00848nam a22003017a 4500 | ||
|---|---|---|---|
| 003 | IBSLLIB | ||
| 005 | 20260510055142.0 | ||
| 008 | 260510b |||||||| |||| 00| 0 eng d | ||
| 020 | _a034082963X | ||
| 040 |
_aIBSLLIB _beng |
||
| 041 | _hENGLISH | ||
| 082 |
_a158.1 _bHAR |
||
| 100 | _aHarrold , Fiona | ||
| 245 |
_aThe 10 - Minute Life Coach _bFast - working Strategies For a Brand New You |
||
| 260 |
_aLondon: _bHodder And Sroughton _c2003 |
||
| 300 |
_a196 P ; _b _c19.5 cm |
||
| 500 | _aBestselling Author of Be Your own life Coach | ||
| 650 | _aLife Coach | ||
| 653 | _aSelf Help Reading | ||
| 653 | _aMotivation | ||
| 653 | _aSelf Awareness | ||
| 653 | _aPositive Thinking | ||
| 653 | _aDecision Making | ||
| 653 | _aProblem Solving | ||
| 653 | _alife Coaching | ||
| 653 | _aPersonal development | ||
| 942 | _cLBK | ||
| 999 |
_c22094 _d22094 |
||